000 01857namaa22003491i 4500
003 EG-GICUC
005 20260127111720.0
008 260127s19861987ua ||||jr|||| 000 0 ara d
017 _a1986 / 7134
_bدار الكتب والوثائق القومية(مصر)
040 _aEG-GiCUC
_bara
_cEG-GiCUC
_dEG-GiCUC
_erda
082 0 4 _221
_a235.1
_bH154f
092 0 4 _221
_a235.1
_bH154f
099 _a235.1 H154f 1986-1987
100 1 _aابن حجر العسقلاني، أحمد بن علي،
_d1372-1449
_eمؤلف.
245 1 _aفتح البارى بشرح صحيح الامام ابى عبد الله محمد بن اسماعيل البخارى /
_cللإمام الحافظ أحمد بن على بن حجر العسقلانى ؛ قام بشرحه وتصحيح تجاربه وتحقيقه محب الدين الخطيب ؛ رقم كتبه وأبوابه وأحاديثه واستقصى أطرافه ونبه على أرقامها فى كل حديث محمد فؤاد عبد الباقى ؛ راجعه قصى محب الدين الخطيب
250 _aالطبعة الاولى
264 _aالقاهرة (مصر) :
_bدار الريان للتراث،
_c1986
300 _a؛ 13 مجلد
_c28 سم
_bإيضاحيات، صور، مثيليات ؛ Illustrations
336 _2rdacontent
_atext
337 _2rdamedia
_aUnmediated
338 _2rdacarrier
_avolume
504 _aيشتمل على ارجاعات ببليوجرافية
541 _aد. جابر عصفور ؛
_bالقاهرة ؛
_cإهداء ؛
_d2024.
650 1 7 _aالحديث
_xشرح
_2qrmak
650 1 7 _aصحيح البخارى
_2qrmak
651 1 _2qrmak
700 1 _aالخطيب، محب الدين
_eمحقق.
700 1 _aعبد الباقى، محمد فؤاد
700 1 _aالخطيب، قصى محب
_eمراجع.
905 _aHuda
942 _2ddc
_cBK
_e21
_n0
999 _c178049
_d178049